000 00279nam a2200097Ia 4500
008 230915s9999 xx 000 0 und d
050 _aTX 911.3 .P4 N33 2007
100 _aNICKSON,DENNIS
245 0 _aHUMAN RESOURCE MANAGEMENT FOR HOSPITALITY AND TOURISM INDUSTRIES
942 _cBK
999 _c206138
_d206138